Jean-Paul Sartre et le désir d'être : Une lecture de l'Etre et le néant (notice n° 2185687)

détails MARC
000 -LEADER
fixed length control field 01014cam a2200133 4500500
005 - DATE AND TIME OF LATEST TRANSACTION
control field 20260405052514.0
041 ## - LANGUAGE CODE
Language code of text/sound track or separate title fre
042 ## - AUTHENTICATION CODE
Authentication code dc
100 10 - MAIN ENTRY--PERSONAL NAME
Personal name Kremer-Marietti, Angèle
Relator term author
245 00 - TITLE STATEMENT
Title Jean-Paul Sartre et le désir d'être : Une lecture de l'Etre et le néant
260 ## - PUBLICATION, DISTRIBUTION, ETC.
Name of publisher, distributor, etc. L'Harmattan,<br/>
Date of publication, distribution, etc. 2005.<br/>
520 ## - SUMMARY, ETC.
Summary, etc. On a généralement retenu la notion sartrienne de "manque d'être", relative à l'humain. Certes il s'est employé à décrire ce manque, mais sa recherche aboutit à découvrir l'humain essentiellement animé de la tendance à "remplir les vides". Loin d'être une fatalité désespérante, ce manque est actif au point même qu'il est plutôt un désir vif et constant de ce dont il manque manifestement. L'Etre et le néant aboutit donc à la notion du "désir d'être" qui, selon Sartre, caractérise le plus concrètement possible l'être humain...
856 41 - ELECTRONIC LOCATION AND ACCESS
Uniform Resource Identifier <a href="https://shs.cairn.info/Jean-Paul-Sartre-et-le-desir-d-etre--9782747584838?lang=fr&redirect-ssocas=7080">https://shs.cairn.info/Jean-Paul-Sartre-et-le-desir-d-etre--9782747584838?lang=fr&redirect-ssocas=7080</a>

Pas d'exemplaire disponible.

PLUDOC

PLUDOC est la plateforme unique et centralisée de gestion des bibliothèques physiques et numériques de Guinée administré par le CEDUST. Elle est la plus grande base de données de ressources documentaires pour les Étudiants, Enseignants chercheurs et Chercheurs de Guinée.

Adresse

627 919 101/664 919 101

25 boulevard du commerce
Kaloum, Conakry, Guinée

Réseaux sociaux

Powered by Netsen Group @ 2025